एक था फेंगाडया / (Record no. 117784)
[ view plain ]
| 000 -LEADER | |
|---|---|
| fixed length control field | 01291nam a22003017a 4500 |
| 003 - CONTROL NUMBER IDENTIFIER | |
| control field | 0 |
| 005 - DATE AND TIME OF LATEST TRANSACTION | |
| control field | 20181003161311.0 |
| 008 - FIXED-LENGTH DATA ELEMENTS--GENERAL INFORMATION | |
| fixed length control field | 0 |
| 010 ## - LIBRARY OF CONGRESS CONTROL NUMBER | |
| LC control number | B-142018,-B-142022 |
| 020 ## - INTERNATIONAL STANDARD BOOK NUMBER | |
| Terms of availability | 175.00 |
| International Standard Book Number | 8126311177 |
| 035 ## - SYSTEM CONTROL NUMBER | |
| System control number | B-142018,-B142022 |
| 037 ## - SOURCE OF ACQUISITION | |
| Source of stock number/acquisition | Cen Lib/Ret |
| 040 ## - CATALOGING SOURCE | |
| Original cataloging agency | DPL |
| Language of cataloging | HN |
| Transcribing agency | 0 |
| 082 ## - DEWEY DECIMAL CLASSIFICATION NUMBER | |
| Classification number | उ |
| Item number | गद्रेअ |
| 100 ## - MAIN ENTRY--PERSONAL NAME | |
| Personal name | गद्रे, अरुण |
| 9 (RLIN) | 76794 |
| 245 ## - TITLE STATEMENT | |
| Title | एक था फेंगाडया / |
| Statement of responsibility, etc | अरुण गद्रे ; अनुवाद लीना मेहेंदले |
| 246 ## - VARYING FORM OF TITLE | |
| Title proper/short title | Ek tha fengadya / |
| Remainder of title | by Arun Gadre ; anuvadak Leena Mehendale |
| 260 ## - PUBLICATION, DISTRIBUTION, ETC. (IMPRINT) | |
| Place of publication, distribution, etc | नयी दिल्ली |
| Name of publisher, distributor, etc | भारतीय ज्ञानपीठ |
| Date of publication, distribution, etc | 2005 |
| 270 ## - ADDRESS | |
| Address | 18, इंस्टीटूश्नल एरिया, लोदी रोड |
| City | नयी दिल्ली |
| Postal code | 110003 |
| 300 ## - PHYSICAL DESCRIPTION | |
| Extent | xi,250पृ. |
| Dimensions | 19सेमी (सजिल्द) |
| 490 ## - SERIES STATEMENT | |
| Series statement | लोकोदय ग्रन्थमाला |
| Volume number/sequential designation | 781 |
| 650 ## - SUBJECT ADDED ENTRY--TOPICAL TERM | |
| Topical term or geographic name as entry element | साहित्य--कथा |
| 9 (RLIN) | 42948 |
| 650 ## - SUBJECT ADDED ENTRY--TOPICAL TERM | |
| Topical term or geographic name as entry element | मराठी--उपन्यास |
| 9 (RLIN) | 76795 |
| 650 ## - SUBJECT ADDED ENTRY--TOPICAL TERM | |
| Topical term or geographic name as entry element | Literature--Fiction |
| 9 (RLIN) | 76796 |
| 650 ## - SUBJECT ADDED ENTRY--TOPICAL TERM | |
| Topical term or geographic name as entry element | Marathi-- Novel |
| 9 (RLIN) | 73286 |
| 700 ## - ADDED ENTRY--PERSONAL NAME | |
| Personal name | मेहेंदले, लीना |
| 9 (RLIN) | 76797 |
| 942 ## - ADDED ENTRY ELEMENTS (KOHA) | |
| Source of classification or shelving scheme | Dewey Decimal Classification |
| Koha item type | Hindi Books |
| Classification part | उ |
| Call number suffix | गद्रेअ |
| Withdrawn status | Lost status | Damaged status | Not for loan | Home library | Current library | Date acquired | Source of acquisition | Cost, normal purchase price | Total Checkouts | Full call number | Barcode | Date last seen | Copy number | Cost, replacement price | Price effective from | Koha item type | Source of classification or shelving scheme | Collection code |
|---|---|---|---|---|---|---|---|---|---|---|---|---|---|---|---|---|---|---|
| Central Library | Central Library | 08/09/2015 | Cen Lib/Ref | 175.00 | उ गद्रेअ | B-142018 | 08/09/2015 | 1 | 175.00 | 08/09/2015 | Hindi Books | |||||||
| Patel Nagar | Patel Nagar | 03/10/2018 | BPPD/PUB | 175.00 | उ गद्रेअ | 03/10/2018 | 175.00 | 03/10/2018 | Hindi Books | Dewey Decimal Classification | Fiction | |||||||
| Patel Nagar | Patel Nagar | 03/10/2018 | BPPD/PUB | 175.00 | उ गद्रेअ | B-142022 | 03/10/2018 | 175.00 | 03/10/2018 | Hindi Books | Dewey Decimal Classification | Fiction |
